01880nam a22002777a 4500008004100000020001800041040000800059041001300067100005100080240003600131245005100167260004500218300002500263520049400288520041800782650004001200650003601240650006201276650002701338655004101365655003101406700004901437942000801486952009301494999001501587251021b |||||||| |||| 00| 0 eng d a9791041421824 cTBS afrehice aSigurðardóttir, Liljad1972-926246eauthor aBlóðrauður sjór.lFrench. aRouge comme la merc/ Lilja Sigurðardóttir. aParis :bÉditions Métailié,c2024. a278 pages ; c22 cm. aUne intrigue surprenante au milieu de l'automne islandais. Lorsque l’entrepreneur Flosi rentre chez lui, il découvre que sa maison a été mise à sac, et Gudrún, sa femme, enlevée. Si Flosi n’accepte pas de payer une énorme rançon, elle sera tuée. Désespéré, il contacte Aurora, une enquêtrice réputée pour sa discrétion. En plein automne islandais, les suspects se multiplient, les mafias se rapprochent, et tout prend un tour de plus en plus trouble… aA gripping mystery set in the heart of the Icelandic autumn. When businessman Flosi returns home, he finds his house ransacked and his wife, Gudrún, kidnapped. If he doesn’t pay a huge ransom, she will be killed. Desperate, he contacts Aurora, a private investigator known for her discretion. As the Icelandic autumn deepens, suspects multiply, the mafia closes in, and everything grows increasingly murky… 0aKidnappingzIcelandvFiction926247 0aPolicezIcelandvFiction926248 0aMissing personsxInvestigation zIceland vFiction926249 0aRansomvFiction926250 0aDetective and mystery fiction923664 0aThrillers (Fiction)922669 aSalaün, Jean-Christophe926251etranslator 2lcc 00102lcc4070aTBSbTBSd2025-10-21l0oP-FR SIGpB06052r2025-10-21t1w2025-10-21y1 c5074d5074